[Event "Elit(Orgryte-Skara)"]
[Site "?"]
[Date "2009.03.01"]
[Round "2"]
[White "Hillarp Persson, Tiger"]
[Black "Hultin, Johan"]
[Result "1-0"]
[WhiteElo "2665"]
[BlackElo "2306"]
[PlyCount "95"]
[SourceDate "2009.03.06"]

1. d4 d5 2. c4 c6 3. Nf3 Nf6 4. e3 g6 5. Nc3 Bg7 6. Be2 O-O 7. O-O b6 8. a4 a5
9. Ne5 e6 10. Qb3 Ba6 11. Rd1 Qc7 12. Bd2 Rd8 13. Rac1 Nbd7 14. Nb5 Bxb5 15.
cxb5 c5 16. Nc6 Re8 17. Bf3 Bf8 18. Bc3 Bd6 19. g3 c4 20. Qc2 Nb8 21. Ne5 Nbd7
22. Nxd7 Qxd7 23. e4 dxe4 24. Bxe4 Nd5 25. Qe2 Rec8 26. Bd2 Bb4 27. Rxc4 Rxc4
28. Qxc4 Bxd2 29. Rxd2 Rc8 30. Qb3 Rc1+ 31. Kg2 Qd6 32. Bxd5 exd5 33. Qe3 Qe6
34. Re2 Qxe3 35. Rxe3 Rc4 36. b3 Rxd4 37. Re8+ Kg7 38. Rb8 Rb4 39. Rxb6 Rxb3
40. Ra6 d4 41. Rxa5 Kf6 42. Ra6+ Ke5 43. b6 d3 44. Kf3 Kd4 45. a5 Rb5 46. Ra8
Rf5+ 47. Kg2 d2 48. Rd8+ 1-0

[Event "Elit(Orgryte-Skara)"]
[Site "?"]
[Date "2009.03.01"]
[Round "2"]
[White "Frisk Kockum, Anton"]
[Black "Mohammadi, Amir"]
[Result "1-0"]
[WhiteElo "2280"]
[BlackElo "2324"]
[PlyCount "35"]

1. d4 f5 2. Bg5 h6 3. Bh4 c5 4. e4 Qb6 5. exf5 Qxb2 6. Nd2 Qxd4 7. Ngf3 Qc3 8.
Bc4 d6 9. Rb1 Bxf5 10. Rxb7 Nd7 11. O-O g5 12. Bg3 Bg7 13. Qe2 Qxc2 14. Bxd6
Kf8 15. Ne5 Bxe5 16. Bxe5 Rh7 17. Rb2 Qa4 18. Qf3 1-0

[Event "Elit(Orgryte-Skara)"]
[Site "?"]
[Date "2009.03.01"]
[Round "2"]
[White "Djurhuus, Rune"]
[Black "Ziegler, Ari"]
[Result "1-0"]
[WhiteElo "2561"]
[BlackElo "2427"]
[PlyCount "87"]

1. d4 Nf6 2. Nf3 g6 3. c4 Bg7 4. Nc3 O-O 5. e4 d6 6. Be2 e5 7. O-O Nc6 8. d5
Ne7 9. b4 Nh5 10. Re1 f5 11. Ng5 Nf6 12. f3 c6 13. Be3 h6 14. Ne6 Bxe6 15. dxe6
Nh5 16. Qb3 Qc7 17. Rad1 Rad8 18. c5 dxc5 19. bxc5 Rd4 20. g3 Kh8 21. Kg2 f4
22. Bxd4 exd4 23. g4 Nf6 24. Na4 Nh7 25. Nb2 b5 26. cxb6 axb6 27. a4 Rb8 28.
Bc4 Qe5 29. h4 h5 30. Nd3 Qf6 31. Kh3 g5 32. e5 Qh6 33. Nf2 hxg4+ 34. fxg4 gxh4
35. Rxd4 Ng5+ 36. Kh2 Ng6 37. Red1 Bxe5 38. Rd8+ Rxd8 39. Rxd8+ Kg7 40. Rd7+
Kh8 41. Qxb6 f3+ 42. Kg1 Nh7 43. Qd8+ Nhf8 44. g5 1-0

[Event "Elit(Orgryte-Skara)"]
[Site "?"]
[Date "2009.03.01"]
[Round "2"]
[White "Arnelind, Mikael"]
[Black "Friberg, Hans"]
[Result "1/2-1/2"]
[WhiteElo "2293"]
[BlackElo "2287"]
[PlyCount "85"]

1. d4 d5 2. c4 e6 3. Nc3 c5 4. cxd5 exd5 5. Nf3 Nc6 6. g3 Nf6 7. Bg2 Be7 8. O-O
O-O 9. Bg5 cxd4 10. Nxd4 h6 11. Bf4 Bg4 12. h3 Be6 13. Rc1 Rc8 14. Ncb5 Qb6 15.
Be3 Nxd4 16. Nxd4 Qxb2 17. Rb1 Qxa2 18. Rxb7 Bc5 19. Nxe6 fxe6 20. Bxh6 Rf7 21.
Rxf7 Kxf7 22. Bf4 Bb6 23. Bf3 Rc2 24. h4 Qc4 25. Kg2 Ne4 26. Bh5+ g6 27. Bf3
Ra2 28. Qc1 Qxc1 29. Rxc1 Nxf2 30. h5 Nd3 31. hxg6+ Kxg6 32. Rc6 Nxf4+ 33. gxf4
Kf5 34. Kg3 Ra3 35. Rc8 Kf6 36. Rf8+ Ke7 37. Rh8 a5 38. Rh6 Bc7 39. Rh7+ Kd8
40. Kg4 Ra1 41. Kg5 Ra4 42. Kf6 Bxf4 43. Kxe6 1/2-1/2

[Event "Elit(Orgryte-Skara)"]
[Site "?"]
[Date "2009.03.01"]
[Round "2"]
[White "Eklund, Lars-Goran"]
[Black "Ostberg, Peter"]
[Result "1-0"]
[WhiteElo "2383"]
[BlackElo "2231"]
[PlyCount "53"]

1. Nf3 e6 2. c4 Nf6 3. Nc3 d5 4. d4 c6 5. e3 Nbd7 6. Qc2 Bd6 7. g4 Nxg4 8. Rg1
f5 9. h3 Ngf6 10. Rxg7 Ne4 11. Bd2 Qf6 12. Rg2 Nf8 13. O-O-O Bd7 14. Be1 Ng6
15. Kb1 Ne7 16. Ne5 Nxc3+ 17. Bxc3 Bxe5 18. dxe5 Qh6 19. Bb4 Kf7 20. cxd5 exd5
21. Bxe7 Kxe7 22. Bd3 Rhf8 23. Rdg1 b6 24. Rg7+ Ke6 25. Bxf5+ Rxf5 26. Rxd7
Qxh3 27. Qxc6+ 1-0

[Event "Elit(Orgryte-Skara)"]
[Site "?"]
[Date "2009.03.01"]
[Round "2"]
[White "Eksmyr, Johan"]
[Black "Andersson, Goran"]
[Result "0-1"]
[WhiteElo "2156"]
[BlackElo "2299"]
[PlyCount "82"]

1. d4 Nf6 2. Nf3 g6 3. Bf4 Bg7 4. e3 O-O 5. Be2 d6 6. h3 Nc6 7. O-O Qe8 8. Bh2
e5 9. a4 e4 10. Nfd2 Bf5 11. c4 a5 12. Nc3 h5 13. Nb5 Qe7 14. Rc1 Rac8 15. c5
d5 16. Nb3 Ne8 17. Qd2 Ra8 18. Na3 Bd7 19. Bb5 f5 20. Bxc6 bxc6 21. Nxa5 g5 22.
b4 f4 23. exf4 Bh6 24. fxg5 Bxg5 25. Qe2 Bxc1 26. Rxc1 Rf3 27. Ra1 Qg5 28. h4
Rxa3 29. Rb1 Qg6 30. Re1 Rd3 31. Be5 Bh3 32. g3 Bg4 33. Qf1 Ng7 34. Re3 Rf8 35.
Rxd3 exd3 36. Qe1 Qe4 37. Qxe4 dxe4 38. Nb3 Ra8 39. a5 Rb8 40. Bxc7 Rxb4 41.
Nd2 Bf3 0-1

[Event "Elit(Orgryte-Skara)"]
[Site "?"]
[Date "2009.03.01"]
[Round "2"]
[White "Jacobsson, Erik"]
[Black "Virolainen, Victor"]
[Result "1/2-1/2"]
[WhiteElo "2110"]
[BlackElo "2214"]
[PlyCount "108"]
[EventDate "2009.??.??"]

1. e4 e5 2. Nf3 Nc6 3. Bb5 a6 4. Ba4 Nf6 5. O-O Be7 6. Re1 b5 7. Bb3 d6 8. c3
O-O 9. h3 Na5 10. Bc2 c5 11. d4 Nd7 12. Nbd2 exd4 13. cxd4 Nc6 14. Nf1 Bf6 15.
Be3 Bb7 16. Ng3 g6 17. Rc1 Qe7 18. Bb1 Rfd8 19. Qd2 Rac8 20. Rcd1 cxd4 21. Nxd4
Nxd4 22. Bxd4 Nc5 23. Nf1 Bxd4 24. Qxd4 Qe5 25. Rd2 Na4 26. Qxe5 dxe5 27. Rde2
Rd4 28. Nd2 f6 29. Nf3 Rd6 30. Kh2 a5 31. Kg3 Ba6 32. b3 Nc3 33. Rc2 b4 34. Kh2
Bd3 35. Rd2 Rcd8 36. Bxd3 Rxd3 37. Rc2 Rd1 38. Rxd1 Rxd1 39. Nd2 Re1 40. f3 Re2
41. Kg1 Re1+ 42. Kf2 Re2+ 43. Kf1 Kg7 44. Rb2 Kf7 45. Nc4 Rxb2 46. Nxb2 Ke6 47.
Nc4 a4 48. bxa4 Nxa4 49. Ke1 f5 50. exf5+ gxf5 51. g4 fxg4 52. hxg4 Kd5 53.
Ne3+ Kd4 54. Kd2 Nc5 1/2-1/2

[Event "Elit(Orgryte-Skara)"]
[Site "?"]
[Date "2009.03.01"]
[Round "2"]
[White "Forsberg, Jan-Olof"]
[Black "Dahlstrom, Rickard"]
[Result "1/2-1/2"]
[WhiteElo "2218"]
[BlackElo "2037"]
[PlyCount "39"]

1. d4 d5 2. c4 c6 3. Nf3 Nf6 4. Nc3 a6 5. cxd5 cxd5 6. Bf4 Nc6 7. e3 e6 8. Bd3
Be7 9. O-O O-O 10. h3 Bd7 11. Rc1 Rc8 12. Ne5 Be8 13. a3 Bd6 14. Qf3 Bb8 15.
Nxc6 Bxc6 16. Bg5 Qd6 17. Bf4 Qd8 18. Bg5 Qd6 19. Bf4 Qd8 20. Bg5 1/2-1/2

[Event "Elit(Limhamn-Sollentuna)"]
[Site "?"]
[Date "2009.02.28"]
[Round "8"]
[White "Agrest, Evgenij"]
[Black "Brynell, Stellan"]
[Result "1-0"]
[WhiteElo "2692"]
[BlackElo "2586"]
[PlyCount "47"]
[SourceDate "2009.03.06"]

1. c4 Nf6 2. Nc3 e5 3. Nf3 Nc6 4. g3 Bb4 5. Nd5 e4 6. Nh4 O-O 7. Bg2 Re8 8. O-O
Bc5 9. e3 Nxd5 10. cxd5 Nb4 11. f3 exf3 12. Qxf3 f6 13. d4 Bf8 14. Bd2 c6 15.
d6 Bxd6 16. e4 Kh8 17. Qh5 Nc2 18. e5 Bxe5 19. dxe5 Rxe5 20. Ng6+ Kg8 21. Nxe5
Nxa1 22. Qf7+ Kh8 23. Rxf6 gxf6 24. Bh6 1-0

[Event "Elit(Limhamn-Sollentuna)"]
[Site "?"]
[Date "2009.02.28"]
[Round "8"]
[White "Hector, Jonny"]
[Black "Ernst, Thomas"]
[Result "1-0"]
[WhiteElo "2614"]
[BlackElo "2489"]
[PlyCount "102"]

1. e4 e5 2. Nf3 Nc6 3. Bc4 Bc5 4. b4 Bxb4 5. c3 Be7 6. d4 Na5 7. Nxe5 Nxc4 8.
Nxc4 d5 9. exd5 Qxd5 10. Ne3 Qd8 11. O-O Nf6 12. c4 c6 13. Nc3 O-O 14. Rb1 Rb8
15. Bb2 b5 16. Ba1 Bd7 17. d5 b4 18. d6 Bxd6 19. Qxd6 bxc3 20. Qd3 Be6 21. Qxc3
Qc7 22. Rxb8 Rxb8 23. f4 Qe7 24. Re1 Qb4 25. f5 Qxc3 26. Bxc3 Bd7 27. Bxf6 gxf6
28. Rd1 Rb7 29. Kf2 Kf8 30. Kf3 Ke7 31. Rd3 Bc8 32. Ra3 Kd6 33. Ra5 Kc7 34. c5
Kb8 35. Ra4 Rb5 36. Rh4 Rxc5 37. g4 Ra5 38. Rxh7 Rxa2 39. Rxf7 a5 40. Rxf6 a4
41. Rf8 Rxh2 42. f6 Kb7 43. f7 Rh7 44. Nf5 Kb6 45. Rxc8 Rxf7 46. Ra8 Kb5 47.
Kf4 Kb4 48. g5 a3 49. g6 Rb7 50. g7 Rxg7 51. Nxg7 Kb3 1-0

[Event "Elit(Limhamn-Sollentuna)"]
[Site "?"]
[Date "2009.02.28"]
[Round "8"]
[White "Sagit, Rauan"]
[Black "Jepson, Christian"]
[Result "0-1"]
[WhiteElo "2459"]
[BlackElo "2438"]
[PlyCount "118"]

1. e4 c6 2. d4 d5 3. exd5 cxd5 4. c4 Nf6 5. Nc3 e6 6. Nf3 Nc6 7. Be2 Be7 8. O-O
O-O 9. Be3 b6 10. Rc1 dxc4 11. Bxc4 Bb7 12. Qe2 Na5 13. Ba6 Bxa6 14. Qxa6 Qc8
15. Qe2 Qb7 16. Ne5 Rac8 17. f4 g6 18. Rf3 Ne4 19. Bd2 Nxd2 20. Qxd2 Rfd8 21.
Rd3 Nc6 22. Kh1 Nb4 23. Rh3 f5 24. Qe1 Bf6 25. Rd1 Nd5 26. Rf3 Nxc3 27. bxc3
Qd5 28. c4 Qe4 29. Re3 Qxf4 30. Nf3 Bxd4 31. Rxe6 Bc5 32. Rc6 Qe4 33. Rxc8
Qxe1+ 34. Nxe1 Rxc8 35. g3 Rc7 36. Nf3 Be7 37. Rc1 b5 38. Nd4 Rxc4 39. Rd1 a6
40. Nf3 Rc7 41. Rd2 b4 42. Re2 a5 43. h4 Kf8 44. h5 Bf6 45. hxg6 hxg6 46. g4
fxg4 47. Nh2 Rc4 48. Kg2 a4 49. Rf2 Kg7 50. Rd2 Be5 51. Nf1 Bf4 52. Rd7+ Kh6
53. Rb7 g5 54. Rb6+ Kg7 55. Rb5 Rc2+ 56. Kg1 Rb2 57. Ng3 Bxg3 58. Rxg5+ Kf6 59.
Rxg4 Bd6 0-1

[Event "Elit(Limhamn-Sollentuna)"]
[Site "?"]
[Date "2009.02.28"]
[Round "8"]
[White "Ahlander, Bjorn"]
[Black "Lindberg, Bo"]
[Result "1-0"]
[WhiteElo "2524"]
[BlackElo "2423"]
[PlyCount "161"]
[EventDate "2009.??.??"]

1. d4 Nf6 2. c4 e6 3. Nc3 Bb4 4. e3 Ne4 5. Qc2 f5 6. Bd3 O-O 7. Nge2 b6 8. O-O
Bxc3 9. Nxc3 Nxc3 10. Qxc3 Bb7 11. b4 d6 12. f3 Nd7 13. Bb2 Qe7 14. c5 bxc5 15.
bxc5 dxc5 16. Ba3 Qg5 17. Rae1 Nb6 18. Qxc5 Nd5 19. Bc1 Qh4 20. Bc4 Rf6 21. e4
fxe4 22. Rxe4 Qh5 23. Qb5 Rb8 24. Rfe1 Qe8 25. Qc5 Qc8 26. Qxa7 Ba8 27. Qc5 Rb6
28. Bb3 h6 29. Bd2 Kh8 30. Rc1 Qd7 31. Ree1 Bb7 32. Rc4 Rd6 33. Ra4 Bc6 34. Ra7
Nf4 35. Bxf4 Rxf4 36. Rd1 Rfxd4 37. Rxd4 Rxd4 38. Qf8+ Kh7 39. Bc2+ g6 40. Qf6
Qg7 41. Bxg6+ Kh8 42. Qxg7+ Kxg7 43. Rxc7+ Kxg6 44. Rxc6 Kf5 45. Ra6 Rd2 46.
Ra4 Rc2 47. h3 Rd2 48. Kh2 Rc2 49. Kg3 Rd2 50. Ra5+ e5 51. Ra6 Rc2 52. h4 Rd2
53. a4 Ra2 54. a5 h5 55. Ra8 Kf6 56. a6 Kg7 57. a7 Kh7 58. Kh2 Kg7 59. Kg1 Kh7
60. Kf1 Kg7 61. Ke1 Kh7 62. Kd1 Kg7 63. Kc1 Kh7 64. Kb1 Ra5 65. Kb2 Kg7 66. Kb3
Kh7 67. Kb4 Ra2 68. Kc5 Kg7 69. Kd5 Ra5+ 70. Ke6 Ra6+ 71. Kxe5 Ra5+ 72. Kd6
Ra6+ 73. Kc5 Ra2 74. f4 Rc2+ 75. Kd4 Rd2+ 76. Ke3 Ra2 77. f5 Ra3+ 78. Kd4 Ra4+
79. Kc5 Ra5+ 80. Kb6 Rxf5 81. Rc8 1-0

[Event "Elit(Limhamn-Sollentuna)"]
[Site "?"]
[Date "2009.02.28"]
[Round "8"]
[White "Couso, Luis"]
[Black "Schneider, Stefan"]
[Result "0-1"]
[WhiteElo "2363"]
[BlackElo "2451"]
[PlyCount "50"]

1. e4 Nf6 2. e5 Nd5 3. d4 Nb6 4. Nf3 d5 5. Nh4 c5 6. c3 e6 7. Nf3 Nc6 8. Be2
Be7 9. h4 Bd7 10. h5 cxd4 11. h6 g6 12. cxd4 f6 13. exf6 Bxf6 14. Bf4 O-O 15.
Bd6 Nxd4 16. Bxf8 Ba4 17. Qd2 Nc2+ 18. Kf1 Qxf8 19. Nc3 Nxa1 20. Ng5 Qe7 21.
Nh3 Bc6 22. Bd3 e5 23. g4 e4 24. g5 Bxc3 25. Qxc3 exd3 0-1

[Event "Elit(Limhamn-Sollentuna)"]
[Site "?"]
[Date "2009.02.28"]
[Round "8"]
[White "Penalver, Osmani"]
[Black "Bergstrom, Peter"]
[Result "1/2-1/2"]
[WhiteElo "2279"]
[BlackElo "2326"]
[PlyCount "109"]

1. d4 d5 2. c4 c6 3. Nf3 Nf6 4. Nc3 dxc4 5. a4 Bf5 6. e3 e6 7. Bxc4 Bb4 8. O-O
O-O 9. Qb3 Qe7 10. Bd2 a5 11. Rfe1 Nbd7 12. e4 Bg4 13. e5 Nd5 14. Bg5 Qe8 15.
Nd2 h6 16. Bh4 Qb8 17. f3 Bf5 18. Bf2 N5b6 19. Bf1 c5 20. Nc4 Nxc4 21. Qxc4
cxd4 22. Bxd4 Rc8 23. Qa2 Nc5 24. Bb5 Rd8 25. Bf2 Rd2 26. Rac1 Qf8 27. Be3 Rdd8
28. Red1 Rac8 29. Rxd8 Qxd8 30. Rd1 Qc7 31. f4 Bxc3 32. bxc3 Ne4 33. Qb2 Qxc3
34. Qxc3 Nxc3 35. Rc1 Rc7 36. Bf1 Rc6 37. Bd2 Nxa4 38. Ra1 Nc5 39. Rxa5 Nb3 40.
Ra8+ Kh7 41. Be3 Rc3 42. Bb6 Rc1 43. Rd8 Be4 44. Kf2 Kg6 45. Be2 Rc6 46. Rd6 f6
47. Bb5 Rc2+ 48. Ke3 Rc3+ 49. Kf2 Bd5 50. g4 fxe5 51. f5+ Kf7 52. Rd7+ Kf8 53.
Rd8+ Kf7 54. Rd7+ Kf8 55. Rd8+ 1/2-1/2

[Event "Elit(Limhamn-Sollentuna)"]
[Site "?"]
[Date "2009.02.28"]
[Round "8"]
[White "Agrest, Inna"]
[Black "Holst, Conny"]
[Result "1/2-1/2"]
[WhiteElo "2296"]
[BlackElo "2242"]
[PlyCount "88"]

1. e4 c5 2. Nf3 d6 3. d4 cxd4 4. Nxd4 Nf6 5. Nc3 Nc6 6. Bg5 e6 7. Qd2 a6 8.
O-O-O Bd7 9. f3 Rc8 10. Kb1 b5 11. g4 Ne5 12. f4 b4 13. Bxf6 gxf6 14. Nd5 exd5
15. exd5 Qb6 16. fxe5 fxe5 17. Nf5 Rg8 18. Bh3 Rc3 19. Ng3 Re3 20. Qf2 Qc5 21.
Rhf1 f5 22. gxf5 Kd8 23. Bg2 Rg4 24. Nh5 Bb5 25. Bf3 Rc4 26. Qg2 Kc7 27. f6 e4
28. Bg4 Rd4 29. Ng7 Bxf1 30. Rxf1 Qxd5 31. Ne6+ Kb6 32. Nxf8 Rd2 33. Qg1 Qg5
34. Re1 Rg2 35. Qf1 Rxe1+ 36. Qxe1 Rxg4 37. Qxb4+ Ka7 38. a4 Rg1+ 39. Ka2 Qd5+
40. c4 Qd1 41. Nd7 Qb1+ 42. Kb3 Qd1+ 43. Ka2 Qb1+ 44. Kb3 Qd1+ 1/2-1/2

[Event "Elit(Limhamn-Sollentuna)"]
[Site "?"]
[Date "2009.02.28"]
[Round "8"]
[White "Nylen, Anders"]
[Black "Azizi, Haroon"]
[Result "1-0"]
[WhiteElo "2244"]
[BlackElo "2213"]
[PlyCount "89"]

1. d4 d5 2. c4 Nc6 3. Nf3 Bg4 4. cxd5 Bxf3 5. dxc6 Bxc6 6. Nc3 Nf6 7. Bg5 e6 8.
f3 Be7 9. Qd2 h6 10. Bh4 O-O 11. Bf2 Nd5 12. e3 Re8 13. Bc4 a5 14. O-O a4 15.
a3 Qb8 16. Nb5 Nb6 17. Be2 Bxb5 18. Bxb5 c6 19. Bd3 Bd6 20. f4 Nd7 21. Rac1 Nf8
22. g3 Rd8 23. g4 Qc7 24. Bh4 Be7 25. Bg3 Bd6 26. Qc2 Re8 27. Rf3 Red8 28. Bf2
Ra5 29. Be1 Raa8 30. Rh3 Qd7 31. Be4 Rdc8 32. Qg2 f6 33. g5 hxg5 34. fxg5 f5
35. Bf3 Ng6 36. Bh5 Kf7 37. Qf3 Rh8 38. Bc3 c5 39. d5 Rxh5 40. Rxh5 exd5 41.
Qxd5+ Ke7 42. Rd1 Rd8 43. Bf6+ Ke8 44. Bxd8 f4 45. Rh8+ 1-0

[Event "Elit(Orgryte-Upsala)"]
[Site "?"]
[Date "2009.02.28"]
[Round "8"]
[White "Johansson, Jan"]
[Black "Hultin, Johan"]
[Result "1/2-1/2"]
[WhiteElo "2464"]
[BlackElo "2306"]
[PlyCount "88"]

1. d4 Nf6 2. Nf3 e6 3. c4 b6 4. Nc3 Bb7 5. e3 Bb4 6. Bd3 O-O 7. O-O d5 8. cxd5
exd5 9. Ne5 Nbd7 10. f4 c5 11. Bd2 c4 12. Bc2 a6 13. Rf3 Bxc3 14. Bxc3 Ne4 15.
Rh3 f6 16. Qh5 h6 17. Bxe4 fxe5 18. Bf5 exf4 19. exf4 Nf6 20. Qg6 Bc8 21. Bxc8
Qxc8 22. Rxh6 Re8 23. Rh3 Qg4 24. Qxg4 Nxg4 25. Rg3 Nf6 26. Rg5 b5 27. Re5 a5
28. a3 Kf7 29. h3 Rxe5 30. dxe5 Ne4 31. Bd4 Nd2 32. Re1 Ke6 33. Kf2 b4 34. g4
g6 35. Ke3 c3 36. axb4 axb4 37. bxc3 Nc4+ 38. Kd3 b3 39. Rb1 Ra2 40. Be3 Rh2
41. Rxb3 Rxh3 42. Kd4 Rxe3 43. Rb6+ Nxb6 44. Kxe3 g5 1/2-1/2

[Event "Elit(Orgryte-Upsala)"]
[Site "?"]
[Date "2009.02.28"]
[Round "8"]
[White "Ziegler, Ari"]
[Black "Burwick, Malte"]
[Result "1-0"]
[WhiteElo "2427"]
[BlackElo "2304"]
[PlyCount "91"]

1. d4 g6 2. c4 Bg7 3. e4 d6 4. Nc3 e5 5. d5 f5 6. exf5 gxf5 7. f4 Qh4+ 8. g3
Qe7 9. Be2 Nf6 10. Nf3 O-O 11. O-O e4 12. Nd4 c5 13. dxc6 bxc6 14. Be3 Rd8 15.
Qd2 Kh8 16. Rfd1 Qb7 17. Rab1 a5 18. Na4 d5 19. c5 Bd7 20. Nb6 Ra7 21. a3 Ng4
22. Bxg4 fxg4 23. f5 Rf8 24. Rf1 Ra6 25. Nxd7 Nxd7 26. Ne6 Bf6 27. Bd4 Raa8 28.
Nxf8 Rxf8 29. b4 axb4 30. Rxb4 Qa7 31. Rfb1 Bxd4+ 32. Qxd4+ Kg8 33. Rb6 Nxb6
34. cxb6 Qxa3 35. b7 Qd6 36. f6 Kf7 37. b8=Q Rxb8 38. Qa7+ Kxf6 39. Rxb8 d4 40.
Rb1 Ke5 41. Qg7+ Kd5 42. Qg8+ Qe6 43. Qg5+ Kc4 44. Rc1+ Kd3 45. Qc5 Qb3 46. Ra1
1-0

[Event "Elit(Orgryte-Upsala)"]
[Site "?"]
[Date "2009.02.28"]
[Round "8"]
[White "Lundvik, Jonas"]
[Black "Ostberg, Peter"]
[Result "1-0"]
[WhiteElo "2353"]
[BlackElo "2231"]
[PlyCount "97"]

1. Nf3 d5 2. c4 c6 3. e3 g6 4. Nc3 Bg7 5. Qb3 Nf6 6. Be2 O-O 7. O-O dxc4 8.
Bxc4 b5 9. Be2 Na6 10. d3 Qb6 11. e4 Be6 12. Qc2 c5 13. Be3 Nb4 14. Qd2 Ng4 15.
Bg5 Nc6 16. Rac1 Rfd8 17. h3 Nf6 18. Qe3 Rd7 19. b3 Nd4 20. Bxf6 Bxf6 21. e5
Bg7 22. Ne4 Nxe2+ 23. Qxe2 Rd5 24. Qe3 Bxe5 25. Nxe5 Rxe5 26. Rxc5 Rxc5 27.
Nxc5 Bd5 28. Qxe7 Qc6 29. Ne4 Bxe4 30. Qxe4 Qxe4 31. dxe4 Rc8 32. f3 Rc2 33.
Rf2 Rc1+ 34. Kh2 Kf8 35. g4 Ke7 36. Rd2 Ra1 37. Kg3 b4 38. Kf4 a5 39. h4 Ke6
40. e5 h6 41. Rd6+ Ke7 42. h5 gxh5 43. gxh5 Rxa2 44. Rxh6 Kf8 45. Ra6 a4 46.
bxa4 b3 47. Kg5 b2 48. Rb6 Rxa4 49. Rxb2 1-0

[Event "Elit(Orgryte-Upsala)"]
[Site "?"]
[Date "2009.02.28"]
[Round "8"]
[White "Frisk Kockum, Anton"]
[Black "Lindberg, Henrik"]
[Result "1-0"]
[WhiteElo "2280"]
[BlackElo "2268"]
[PlyCount "81"]

1. d4 Nf6 2. Nf3 e6 3. c4 b6 4. g3 Bb7 5. Bg2 Be7 6. O-O O-O 7. Nc3 Ne4 8. Bd2
Bf6 9. Rc1 c5 10. d5 Nxc3 11. Bxc3 exd5 12. cxd5 d6 13. Nd2 Nd7 14. Ne4 Be7 15.
f4 b5 16. b3 Re8 17. Nf2 Bf6 18. e4 Qb6 19. g4 Bxc3 20. Rxc3 Nf8 21. g5 a5 22.
f5 a4 23. Qh5 axb3 24. axb3 Ra2 25. f6 c4 26. fxg7 Kxg7 27. Rf3 Ng6 28. Kh1
Rxf2 29. R3xf2 Re7 30. Qf3 Kg8 31. Qf6 Qc7 32. bxc4 bxc4 33. Bf3 Ba6 34. h4
Nxh4 35. Bh5 c3 36. Rc1 Bd3 37. Rxc3 Bxe4+ 38. Kh2 Qb7 39. Rc8+ Qxc8 40. Qxe7
Nf5 41. Bxf7+ 1-0

[Event "Elit(Orgryte-Upsala)"]
[Site "?"]
[Date "2009.02.28"]
[Round "8"]
[White "Andersson, Fredrik"]
[Black "Arnelind, Mikael"]
[Result "1-0"]
[WhiteElo "2308"]
[BlackElo "2293"]
[PlyCount "59"]

1. d4 Nf6 2. Nf3 e6 3. c4 b6 4. g3 Bb7 5. Bg2 Be7 6. O-O O-O 7. d5 exd5 8. Nh4
c6 9. cxd5 Nxd5 10. Nf5 Nc7 11. e4 d5 12. Re1 d4 13. Nxd4 Bb4 14. Nc3 Re8 15.
e5 Nd5 16. Bd2 Nxc3 17. Bxc3 Bxc3 18. bxc3 Qc8 19. Qh5 g6 20. Qh6 Re7 21. Qg5
Re8 22. e6 Qd8 23. exf7+ Kxf7 24. Ne6 Qe7 25. Qxe7+ Rxe7 26. Nd8+ Ke8 27. Rxe7+
Kxe7 28. Nxb7 a5 29. Re1+ Kd7 30. Bh3+ 1-0

[Event "Elit(Orgryte-Upsala)"]
[Site "?"]
[Date "2009.02.28"]
[Round "8"]
[White "Forsberg, Jan-Olof"]
[Black "Marttala, Thomas"]
[Result "0-1"]
[WhiteElo "2218"]
[BlackElo "2251"]
[PlyCount "128"]

1. d4 Nf6 2. c4 e6 3. Nf3 Bb4+ 4. Bd2 Qe7 5. g3 O-O 6. Bg2 Bxd2+ 7. Qxd2 d5 8.
O-O Nbd7 9. cxd5 exd5 10. Nc3 c6 11. Rfe1 Ne4 12. Qc2 f5 13. e3 Qd6 14. Nd2
Ndf6 15. f3 Nxd2 16. Qxd2 Bd7 17. Nd1 a5 18. Nf2 b6 19. Nd3 c5 20. Ne5 Be6 21.
Bf1 a4 22. Rac1 Rfc8 23. Rc3 c4 24. Bg2 b5 25. a3 Rab8 26. Ra1 Rd8 27. Rc2 Rdc8
28. Qc3 b4 29. axb4 Rxb4 30. Kf1 Qb6 31. Qd2 Rb8 32. Ra2 Qb5 33. Ke1 Rb3 34.
Bf1 g6 35. Be2 Kg7 36. Bf1 Rb7 37. Be2 Ra7 38. Kf2 Ra8 39. Kg2 Bg8 40. Kf2 h6
41. h3 Rb8 42. Kg2 Bf7 43. Kh2 Rb7 44. Kg2 Be6 45. Kh2 Nd7 46. Nxd7 Rxd7 47.
Kg2 Bf7 48. Kf2 Re7 49. Rc3 Rb7 50. Rc2 Be8 51. Kg2 Qb6 52. Kf2 g5 53. Kg2 Kh8
54. f4 Qe6 55. Bf3 g4 56. hxg4 fxg4 57. Be2 h5 58. Ra3 Qe4+ 59. Kh2 h4 60. Bxg4
Rg7 61. Bh3 hxg3+ 62. Kg1 Bh5 63. Rxb3 axb3 64. Rc1 Bf3 0-1

[Event "Elit(Orgryte-Upsala)"]
[Site "?"]
[Date "2009.02.28"]
[Round "8"]
[White "Fallman, Micael"]
[Black "Eksmyr, Johan"]
[Result "1-0"]
[WhiteElo "2173"]
[BlackElo "2156"]
[PlyCount "109"]

1. d4 Nf6 2. c4 g6 3. Nc3 d5 4. Bg5 Ne4 5. Bh4 Nxc3 6. bxc3 Bg7 7. e3 c5 8.
cxd5 Qxd5 9. Nf3 Nc6 10. Be2 cxd4 11. cxd4 e5 12. dxe5 Qa5+ 13. Qd2 Qxd2+ 14.
Kxd2 Nxe5 15. Rac1 Nc6 16. Bb5 Be6 17. Rxc6 O-O 18. Rc2 a6 19. Ba4 Bf5 20. Rc7
b5 21. Bb3 a5 22. Rhc1 a4 23. Bc2 Be6 24. Bb1 b4 25. Nd4 Bd5 26. f3 Rfe8 27.
R1c5 Bxd4 28. exd4 Bxa2 29. Bxa2 b3 30. Bxb3 axb3 31. Rb5 Ra2+ 32. Kd3 Rae2 33.
Re5 R2xe5 34. dxe5 Rxe5 35. Bf6 Re8 36. Rb7 h6 37. Rxb3 g5 38. Rb6 Kh7 39. Rd6
Ra8 40. Bc3 Ra2 41. Bd2 Kg7 42. Rd4 Kg6 43. Rc4 Ra3+ 44. Bc3 Ra2 45. Bd2 Ra3+
46. Rc3 Ra2 47. Rc6+ Kg7 48. g4 Kh7 49. h4 Ra3+ 50. Ke4 f5+ 51. gxf5 Ra4+ 52.
Ke5 Rxh4 53. Rc7+ Kg8 54. f6 Ra4 55. Kf5 1-0

[Event "Elit(Orgryte-Upsala)"]
[Site "?"]
[Date "2009.02.28"]
[Round "8"]
[White "Virolainen, Victor"]
[Black "Johansson, Carl Fredrik"]
[Result "0-1"]
[WhiteElo "2214"]
[BlackElo "2219"]
[PlyCount "110"]

1. d4 Nf6 2. c4 g6 3. Nc3 Bg7 4. e4 d6 5. Nf3 O-O 6. Be2 e5 7. O-O exd4 8. Nxd4
Re8 9. f3 c6 10. Kh1 Na6 11. Re1 Nh5 12. f4 Qh4 13. Nf3 Qe7 14. Be3 Nc5 15. e5
Rd8 16. g3 Bg4 17. Bxc5 dxc5 18. Nd2 Be6 19. Bxh5 gxh5 20. Nce4 Bg4 21. Qc2 Rd7
22. Nf2 Rad8 23. Nde4 Bf5 24. Qe2 Bg6 25. Rad1 Rd4 26. Nd6 R8xd6 27. exd6 Qxd6
28. Qe8+ Bf8 29. Qe5 Qd7 30. Rxd4 cxd4 31. Ne4 Be7 32. Ng5 d3 33. Qxe7 d2 34.
Qe8+ Kg7 35. Qe5+ f6 36. Qe7+ Kg8 37. Qxd7 dxe1=Q+ 38. Kg2 Qe2+ 39. Kh3 fxg5
40. Qd8+ Kf7 41. Qxg5 Qg4+ 42. Qxg4 hxg4+ 43. Kxg4 Bb1 44. a3 c5 45. h4 Ba2 46.
f5 Bxc4 47. Kf4 h5 48. Ke5 Bd3 49. a4 Bc2 50. a5 Bd3 51. Kd5 Kf6 52. Kxc5 Kxf5
53. Kd4 Bb5 54. Ke3 Kg4 55. Kf2 Bc6 0-1

[Event "Elit(LASK-Farsta)"]
[Site "?"]
[Date "2009.02.28"]
[Round "8"]
[White "Hjelm, Niclas"]
[Black "Tikkanen, Hans"]
[Result "0-1"]
[WhiteElo "2382"]
[BlackElo "2501"]
[PlyCount "80"]

1. d4 d5 2. c4 e5 3. dxe5 d4 4. Nf3 Nc6 5. a3 Be6 6. e3 dxe3 7. Qxd8+ Rxd8 8.
Bxe3 Nge7 9. Nc3 Nf5 10. Nb5 Nxe3 11. fxe3 Rd7 12. Rd1 g6 13. Nbd4 Bg7 14. Nxe6
fxe6 15. Rxd7 Kxd7 16. Bd3 Nxe5 17. Nxe5+ Bxe5 18. b3 g5 19. Rf1 Ke7 20. h3 h5
21. Bg6 Bf6 22. Ke2 b6 23. Rd1 Bb2 24. a4 a5 25. Be4 g4 26. Bc6 Be5 27. Rd7+
Kf6 28. Be4 Rf8 29. Rh7 Kg5 30. hxg4 hxg4 31. Re7 Kf6 32. Rd7 Bg3 33. Kd3 Ke5
34. Bc6 Be1 35. Bb7 Rf2 36. Rxc7 Rd2+ 37. Kc3 Rd7+ 38. Kc2 Rxc7 39. Ba6 Bb4 40.
Bb5 Rf7 0-1

[Event "Elit(LASK-Farsta)"]
[Site "?"]
[Date "2009.02.28"]
[Round "8"]
[White "Grandelius, Nils"]
[Black "Magnusson, Jorgen"]
[Result "1-0"]
[WhiteElo "2525"]
[BlackElo "2301"]
[PlyCount "83"]

1. Nf3 d6 2. d4 f5 3. Nc3 Nf6 4. Bg5 Nbd7 5. Qd3 g6 6. e4 fxe4 7. Nxe4 Bg7 8.
O-O-O O-O 9. h4 Nxe4 10. Qxe4 Nf6 11. Bc4+ Kh8 12. Bxf6 exf6 13. Kb1 Re8 14.
Qf4 d5 15. Bd3 Be6 16. Nd2 Bf8 17. Nf1 Bd6 18. Qf3 f5 19. h5 Kg7 20. Ne3 f4 21.
hxg6 hxg6 22. Nxd5 Qg5 23. Nc3 Bg4 24. Qxb7 Rab8 25. Qc6 Bxd1 26. Rxd1 Qa5 27.
b3 Re7 28. Ne4 Rb6 29. Qa8 Qh5 30. f3 a6 31. c4 Ba3 32. c5 Rbe6 33. Kc2 Qh2 34.
Bf1 Qg1 35. Qd8 Qe3 36. Bc4 Re8 37. Qxc7+ R6e7 38. Qd6 Rxe4 39. fxe4 Qxe4+ 40.
Bd3 Qxg2+ 41. Rd2 Qg5 42. Qxa6 1-0